000 00651nam a2200229Ia 4500
003 OSt
005 20220923230049.0
006 a|||||r|||| 00| 0
007 ta
008 Pun
024 _a277,080
037 _cTextual
040 _aARTS
_cARTS
_bPun
041 _2Pun
_aPun
082 _aO153,3M97:g(Y15), L0
100 _aਸੂਰੀ, ਅਤਰਜੀਤ
_9156291
245 0 _aਨਾਨਕ ਸਿੰਘ ਦੇ ਇਤਿਹਾਸਕ ਪਾਤਰ
260 _c1970
650 _aਪੰਜਾਬੀ ਸਾਹਿਤ
942 _hO153,3M97:g(Y15), L0
_cTEXL
_2CC
999 _c382204
_d382204